00541 2200205 4500001002100000005001500021035002000036001002100056005001500077035002000092245006900112100001200181250001700193300002800210260003900238082001000277084001600287020002200303600001000325INLIS00000000000086520250110100815 a0010-0125000038INLIS00000000000084920250109122518 a0010-01250000221 aEnsiklopedia Ilmu Pengetahuan dan Teknologi :bBurung /cSucipto0 aSucipto acetakan ke-1 a56 hlm :bIlus ;c21 cm aBekasi :bUranus Publishing,c2011 a590.3 a590.3 SUC e a978-602-863-778-7 4ahewan